Introducción a la informática /

Contenido: Introducción; Estructuras de datos y algoritmos; Representación de la información en las computadoras; Diseño Lógico; Esquema de funcionamiento en una computadora; Lenguaje máquina y ensamblador; la computadora al nivel de la micromáquina; Periféricos de computadoras; Sistema operativo; L...

Disgrifiad llawn

Wedi'i Gadw mewn:
Manylion Llyfryddiaeth
Prif Awdur: Prieto Espinosa, Alberto (autor)
Awduron Eraill: Lloris Ruiz, Antonio (autor) (autor), Torres Cantero, Juan Carlos (autor) (autor)
Fformat: Llyfr
Iaith:Sbaeneg
Cyhoeddwyd: Madrid, España : McGraw-Hill, 2002, c2002
Rhifyn:3a edición
Pynciau:
Tagiau: Ychwanegu Tag
Dim Tagiau, Byddwch y cyntaf i dagio'r cofnod hwn!

MARC

LEADER 00000nam^a2200000^a^4500
001 000156251
005 20250521000000.0
009 20260310100457.652
020 |a 84-481-3217-3 
037 |a Acervo ITESO - Biblioteca 
041 |a ESP 
082 |a 004.  |b PRI 
100 |a Prieto Espinosa, Alberto  |e (autor) 
245 1 0 |a Introducción a la informática /  |c A. Prieto Espinosa, A. Lloris Ruiz, J.C. Torres Cantero. 
250 |a 3a edición 
264 4 |a Madrid, España :  |b McGraw-Hill,  |c 2002, c2002 
300 |a XXIV, 710 p. 
336 |a texto  |b txt  |2 rdacontenido 
337 |a sin mediación  |b n  |2 rdamedio 
338 |a volumen  |b nc  |2 rdasoporte 
520 |a Contenido: Introducción; Estructuras de datos y algoritmos; Representación de la información en las computadoras; Diseño Lógico; Esquema de funcionamiento en una computadora; Lenguaje máquina y ensamblador; la computadora al nivel de la micromáquina; Periféricos de computadoras; Sistema operativo; Lenguajes de programación; Traductores; Archivos y bases de datos; Ingeniería del software; Redes de computadoras e internet; Evolución histórica y desarrollo de la informática; Apéndices. 
649 |a XX 
650 |a Algoritmos 
650 |a Internet 
650 |a Correo Electrónico 
650 |a Páginas en Línea 
650 |a Multimedia 
650 |a Tecnologías de Comunicación e Información 
650 |a Interfaz de Usuario 
650 |a Lenguaje Máquina 
650 |a Lenguajes de Programación 
650 |a Sistemas Operativos 
650 |a Diseño Lógico 
650 |a Diseño Asistido por Computadora 
650 |a Proceso de Datos 
650 |a Arquitectura de Computadoras 
650 |a Computadoras -  |x Seguridad 
650 |a Computadoras Personales 
650 |a Computadoras 
650 |a Redes de Computadoras 
650 |a Paquetes (Software) 
650 |a Sistemas de Información 
650 |a Análisis Numérico 
650 |a Tecnologías de Comunicación e Información 
650 |a Informática -  |x Historia 
650 |a Informática 
650 |a Ingeniería de Software 
650 |a Ingeniería Computacional 
700 |a Lloris Ruiz, Antonio  |e (autor) 
700 |a Torres Cantero, Juan Carlos  |e (autor) 
910 |a Fondo General 
920 |a Impresos - Libros 
930 |a Colección General 
905 |a 101 
901 |a 0500083844  |b IT1  |c ACC  |u 20250521 
902 |a https://opac.biblio.iteso.mx/vufind/Record/000156251